| 000 | 00865nam a2200217 4500 | ||
|---|---|---|---|
| 005 | 20260318213340.0 | ||
| 008 | 211006s1979 pe |||fr|||| 001 0 spa d | ||
| 040 |
_aCENDOC CAAAP _bspa _cCAAAP |
||
| 041 | _aspa | ||
| 050 |
_aHD 9161 _b.A31 |
||
| 100 | 1 |
_94238 _aÁguila Sánchez, Nely N. |
|
| 245 | 1 | 3 |
_aEl caucho : _banálisis de exportación de producto 1980-1914 / _cNelly N. Águila Sánchez |
| 250 | _a1ra ed. | ||
| 260 |
_aLima : _bPontificia Universidad Católica del Perú, _c1979 |
||
| 300 | _a90 p. | ||
| 505 | _aContiene: Introducción -- Generalidades -- Sistema de propiedad -- Sistema de producción -- Sistemas de distribución e intercambio -- Decadencia de la actividad gomera -- Conclusiones. | ||
| 650 | 0 |
_92233 _aIndustria del Caucho |
|
| 650 | 0 |
_91150 _aExtracción de caucho |
|
| 650 | 0 |
_9391 _aExportaciones |
|
| 942 |
_2lcc _b06 - 01 - 21 _cBK |
||
| 999 |
_c2637 _d2637 |
||